〈ポケモン〉シルエットクイズ #3 - Statistics

General Stats
  • This quiz has been taken 54 times
  • The average score is 13 of 15
Answer Stats
Picture Answer % Correct
ヒトカゲ
100%
コダック
98%
ディグダ
98%
ゴースト
96%
オコリザル
94%
クサイハナ
92%
ストライク
88%
フーディン
88%
コラッタ
88%
アーボック
88%
サワムラー
86%
ブーバー
84%
オニスズメ
82%
タッツー
82%
モンジャラ
43%
No matching quizzes found
Score Distribution
Percent of People with Each Score
Percentile by Number Answered
Your Score History
You have not taken this quiz